| 000 | 00643nam a2200169 a 4500 | ||
|---|---|---|---|
| 001 | 000036420 | ||
| 005 | 20200930075725.0 | ||
| 008 | 120117s1987 xxu 000 0 spa d | ||
| 020 | _a0881672637 | ||
| 040 |
_aDO-SdBNP _beng _cBNPHU |
||
| 082 |
_axxxx _bB814r |
||
| 111 | 2 |
_aInternational Berzelius Symposium _n(7mo _d1985 _cGöteborg, Sweden) _962631 |
|
| 245 | 1 | 0 |
_aBrain reward systems and abuse / _cSeventh International Berzelius Symposium ; sponsored by the Swedish Society of Medicine editors Jörge Engel ...[et al.]. |
| 260 |
_aNew York : _bReven Press, _c1987. |
||
| 300 |
_a197 p. : _bil. ; _c24 cm. |
||
| 700 | 1 |
_aEngel, Jörge _eed. _962632 |
|
| 999 |
_c35911 _d35911 |
||